[Event "World Junior Championship"]
[Site "Yerevan ARM"]
[Date "2007.10.14"]
[EventDate "2007.10.03"]
[Round "11"]
[Result "1-0"]
[White "Gawain Jones"]
[Black "Markus Ragger"]
[WhiteElo "2567"]
[BlackElo "2528"]
[PlyCount "55"]

1. e4 e5 2. Nf3 Nc6 3. d4 exd4 4. Nxd4 Nf6 5. Nxc6 bxc6 6. e5
Qe7 7. Qe2 Nd5 8. c4 Ba6 9. b3 g6 10. g3 Bg7 11. Bb2 O-O
12. Nd2 Rae8 13. O-O-O Nb6 14. f4 d5 15. Qf2 f6 16. e6 f5
17. c5 Bxf1 18. Rhxf1 Bxb2+ 19. Kxb2 Qf6+ 20. Kc2 Nc8 21. Nf3
Rxe6 22. Ne5 Rfe8 23. Qd4 g5 24. h4 g4 25. h5 Nd6 26. cxd6
cxd6 27. Nxc6 Rc8 28. Qxd5 1-0

[Event "World Junior Championship"]
[Site "Yerevan ARM"]
[Date "2007.10.16"]
[EventDate "2007.10.03"]
[Round "13"]
[Result "1-0"]
[White "Gawain Jones"]
[Black "Jayaram Ashwin"]
[WhiteElo "2567"]
[BlackElo "2478"]
[PlyCount "47"]

1. e4 c5 2. Nc3 a6 3. f4 b5 4. g3 Bb7 5. Bg2 e6 6. d3 Nf6
7. Nf3 d5 8. e5 Nfd7 9. O-O g6 10. g4 Nc6 11. f5 h6 12. Bf4
Nb6 13. d4 Nc4 14. b3 cxd4 15. Ne2 Bc5 16. Nexd4 Nxd4 17. Nxd4
Na3 18. fxe6 fxe6 19. Be3 Qc7 20. Qd3 Qxe5 21. Qxg6+ Kd7
22. Rf7+ Kc8 23. Qd3 a5 24. Qc3 1-0

[Event "83rd Hastings Chess Congress"]
[Site "Hastings ENG"]
[Date "2007.12.28"]
[EventDate "2007.12.28"]
[Round "1"]
[Result "1/2-1/2"]
[White "Simon J B Knott"]
[Black "Gawain Jones"]
[WhiteElo "2366"]
[BlackElo "2567"]
[PlyCount "58"]

1. Nf3 Nc6 2. d4 d5 3. Bf4 Bg4 4. e3 e6 5. Be2 Bd6 6. Bg3 Nge7
7. Nbd2 Nf5 8. Bxd6 cxd6 9. O-O O-O 10. h3 Bxf3 11. Bxf3 b5
12. c3 Nh4 13. a4 Nxf3+ 14. Qxf3 a6 15. e4 dxe4 16. Nxe4 Na5
17. axb5 axb5 18. Nd2 d5 19. b4 Nc4 20. Nxc4 dxc4 21. Qc6 Qd5
22. Qxd5 exd5 23. Rfe1 f6 24. Rxa8 Rxa8 25. Re7 Ra3 26. Rd7
Rxc3 27. Rxd5 Rd3 28. Rxb5 Rd1+ 29. Kh2 c3 1/2-1/2

[Event "83rd Hastings Chess Congress"]
[Site "Hastings ENG"]
[Date "2007.12.29"]
[EventDate "2007.12.28"]
[Round "2"]
[Result "1-0"]
[White "Gawain Jones"]
[Black "Peter S Poobalasingam"]
[WhiteElo "2567"]
[BlackElo "2158"]
[PlyCount "59"]

1. e4 e6 2. d4 d5 3. Nd2 Nf6 4. e5 Nfd7 5. Bd3 c5 6. c3 Nc6
7. Ngf3 g6 8. h4 h6 9. Bc2 b6 10. a3 Be7 11. b4 Bb7 12. Nf1
Qc7 13. Bf4 a5 14. b5 Na7 15. a4 O-O-O 16. Ne3 Kb8 17. O-O
Rdg8 18. Bg3 g5 19. h5 Qd8 20. Ng4 Ka8 21. Qe2 Nc8 22. c4 cxd4
23. cxd5 Nc5 24. d6 Nxd6 25. exd6 Bxd6 26. Bxd6 Qxd6 27. Rad1
f5 28. Nge5 g4 29. Nxd4 g3 30. Nxf5 1-0

[Event "83rd Hastings Chess Congress"]
[Site "Hastings ENG"]
[Date "2007.12.30"]
[EventDate "2007.12.28"]
[Round "3"]
[Result "1/2-1/2"]
[White "Sam E Collins"]
[Black "Gawain Jones"]
[WhiteElo "2401"]
[BlackElo "2567"]
[PlyCount "88"]

1. Nf3 Nf6 2. c4 g6 3. Nc3 Bg7 4. e4 d6 5. d4 O-O 6. Be2 e5
7. O-O Nc6 8. d5 Ne7 9. b4 Nh5 10. Re1 f5 11. Ng5 Nf6 12. f3
Nh5 13. c5 Nf4 14. Bxf4 exf4 15. Rc1 h6 16. Ne6 Bxe6 17. dxe6
dxc5 18. bxc5 Bd4+ 19. Kh1 Be3 20. Rc2 c6 21. Qd6 b6 22. Rd1
bxc5 23. e5 Qe8 24. Rb1 Rd8 25. Qc7 Rd2 26. Rxd2 Bxd2 27. Na4
Bb4 28. Bc4 Qd8 29. Qd6 Re8 30. Qd7 Kf8 31. Qxa7 Qa8 32. Qxa8
Rxa8 33. Nb6 Ra3 34. Rd1 Re3 35. Kg1 Re1+ 36. Rxe1 Bxe1
37. Nd7+ Ke8 38. Nxc5 Bc3 39. Nd7 g5 40. Bd3 Nd5 41. Nf6+ Ke7
42. Nxd5+ cxd5 43. Bxf5 d4 44. Kf2 d3 1/2-1/2

[Event "83rd Hastings Chess Congress"]
[Site "Hastings ENG"]
[Date "2007.12.31"]
[EventDate "2007.12.28"]
[Round "4"]
[Result "1-0"]
[White "Gawain Jones"]
[Black "Mehdi Hasan"]
[WhiteElo "2567"]
[BlackElo "2287"]
[PlyCount "63"]

1. e4 e5 2. Nf3 Nc6 3. Bb5 a6 4. Ba4 Nf6 5. O-O b5 6. Bb3 Bc5
7. a4 Rb8 8. c3 d6 9. axb5 axb5 10. d4 Bb6 11. h3 Bb7 12. Re1
O-O 13. Bg5 h6 14. Bh4 Re8 15. Qd3 Na5 16. Ba2 exd4 17. cxd4
Rxe4 18. Nbd2 Rxh4 19. Nxh4 Nc6 20. Nf5 Qd7 21. Nxh6+ Kf8
22. Ng4 Nxg4 23. hxg4 Qxg4 24. Re4 Qh5 25. d5 Ne5 26. Qg3 Ng6
27. Rae1 Bxd5 28. Bxd5 Qxd5 29. Nf3 Ra8 30. Ng5 Qf5 31. R1e2
d5 32. Qa3+ 1-0

[Event "British Championship"]
[Site "Liverpool ENG"]
[Date "2008.08.08"]
[EventDate "2008.07.28"]
[Round "11"]
[Result "1-0"]
[White "Keith Arkell"]
[Black "Gawain Jones"]
[WhiteElo "2506"]
[BlackElo "2549"]
[PlyCount "89"]

1. d4 Nf6 2. Nf3 g6 3. c4 Bg7 4. Nc3 O-O 5. g3 d5 6. cxd5 Nxd5
7. Bg2 Nb6 8. O-O Nc6 9. e3 Re8 10. b3 e5 11. dxe5 Bg4 12. Qc2
Nb4 13. Qe4 Bxf3 14. Qxf3 Qd3 15. Bb2 Bxe5 16. Rac1 Nxa2
17. Nxa2 Bxb2 18. Rxc7 Rf8 19. Nc1 Bxc1 20. Rfxc1 Qxb3
21. Rxb7 Rfb8 22. Rbc7 Rc8 23. Qf6 Rxc7 24. Rxc7 Qd1+ 25. Bf1
Qd5 26. e4 Qa2 27. h4 Qe6 28. Qxe6 fxe6 29. Rb7 Na4 30. e5 a5
31. Bc4 Kh8 32. f4 Nc5 33. Rc7 Ne4 34. Kg2 Rd8 35. Bxe6 h5
36. f5 Re8 37. f6 Rf8 38. Bf7 g5 39. Kf3 Nd2+ 40. Ke3 Nf1+
41. Kf2 Nd2 42. Bg6 gxh4 43. gxh4 a4 44. Rh7+ Kg8 45. f7+ 1-0

[Event "British Championship"]
[Site "Liverpool ENG"]
[Date "2008.07.28"]
[EventDate "2008.07.28"]
[Round "1"]
[Result "0-1"]
[White "Graeme N Buckley"]
[Black "Gawain Jones"]
[WhiteElo "2401"]
[BlackElo "2549"]
[PlyCount "72"]

1. d4 Nf6 2. c4 c5 3. d5 b5 4. cxb5 a6 5. bxa6 g6 6. Nc3 Bxa6
7. g3 d6 8. Bg2 Bg7 9. Nf3 Nbd7 10. Rb1 Nb6 11. b3 Bc8 12. Nh4
h6 13. Qc2 Qd7 14. e4 Ba6 15. h3 O-O 16. a4 e6 17. dxe6 Qxe6
18. Ne2 d5 19. O-O dxe4 20. Nf4 Qc8 21. Rd1 g5 22. a5 gxf4
23. axb6 f3 24. Bxf3 exf3 25. Nf5 Qe6 26. Bxh6 Ne4 27. Rd5
Rfd8 28. Rbd1 Rxd5 29. Rxd5 Re8 30. Qc1 Qxd5 31. Nxg7 Rd8
32. Qf4 Qd1+ 33. Kh2 Nxf2 34. g4 Qh1+ 35. Kg3 Qxh3+ 36. Kxf2
Qg2+ 0-1

[Event "83rd Hastings Chess Congress"]
[Site "Hastings ENG"]
[Date "2008.01.01"]
[EventDate "2007.12.28"]
[Round "5"]
[Result "1/2-1/2"]
[White "Jovanka Houska"]
[Black "Gawain Jones"]
[WhiteElo "2404"]
[BlackElo "2567"]
[PlyCount "59"]

1. d4 Nf6 2. Nf3 g6 3. c4 Bg7 4. g3 d6 5. Bg2 O-O 6. O-O Nbd7
7. Nc3 e5 8. e3 a6 9. b3 Re8 10. a4 a5 11. Ba3 Rb8 12. dxe5
Nxe5 13. Nd4 Bg4 14. f3 Bd7 15. Ra2 h5 16. Bc1 Nc6 17. Ndb5
Nb4 18. Re2 d5 19. cxd5 Nfxd5 20. Nxd5 Bxb5 21. axb5 Qxd5
22. Qxd5 Nxd5 23. Bd2 Bc3 24. Rc1 Bxd2 25. Rxd2 Nxe3 26. Rxc7
Nxg2 27. Kxg2 Re3 28. Rdd7 Rf8 29. Rxb7 Rxb3 30. f4 1/2-1/2

[Event "83rd Hastings Chess Congress"]
[Site "Hastings ENG"]
[Date "2008.01.04"]
[EventDate "2007.12.28"]
[Round "8"]
[Result "1/2-1/2"]
[White "Gawain Jones"]
[Black "Glenn Flear"]
[WhiteElo "2567"]
[BlackElo "2493"]
[PlyCount "59"]

1. e4 e5 2. Nf3 Nc6 3. Bb5 a6 4. Ba4 Nf6 5. d3 d6 6. c3 g6
7. Nbd2 Bg7 8. Nf1 O-O 9. Bg5 b5 10. Bc2 h6 11. Bh4 Qd7
12. Ne3 Nh5 13. O-O Bb7 14. d4 Rae8 15. d5 Ne7 16. a4 Bf6
17. b4 Bxh4 18. Nxh4 c6 19. Nhf5 cxd5 20. exd5 Nxf5 21. Bxf5
Qc7 22. axb5 axb5 23. Rc1 Nf6 24. Bd3 Nxd5 25. Nxd5 Bxd5
26. Bxb5 Bxg2 27. Kxg2 Qb7+ 28. Kg1 Qxb5 29. Qxd6 Qc4 30. Rfd1
1/2-1/2

[Event "83rd Hastings Chess Congress"]
[Site "Hastings ENG"]
[Date "2008.01.05"]
[EventDate "2007.12.28"]
[Round "9"]
[Result "0-1"]
[White "Saptarshi Roy Chowdhury"]
[Black "Gawain Jones"]
[WhiteElo "2418"]
[BlackElo "2567"]
[PlyCount "112"]

1. d4 Nf6 2. Nf3 c5 3. e3 g6 4. Be2 Bg7 5. O-O O-O 6. Nbd2 d6
7. e4 cxd4 8. Nxd4 Nc6 9. c3 d5 10. Nxc6 bxc6 11. exd5 cxd5
12. Nb3 Qc7 13. Be3 Rd8 14. f4 Ne4 15. Nd4 Rb8 16. Qc2 Nd6
17. Bd3 e6 18. Rae1 Bd7 19. Qf2 a5 20. Re2 a4 21. a3 Nc4
22. Bxc4 Qxc4 23. Rd1 Rb7 24. h3 Rdb8 25. Bc1 Bb5 26. Ree1 Qc7
27. Kh1 Bc4 28. Nf3 Bb3 29. Rd3 Ba2 30. Qc2 Qb6 31. Ne5 Bb3
32. Qd2 Bf8 33. Rf3 Rd8 34. Qe2 Bc5 35. Ng4 Qd6 36. Nf6+ Kg7
37. f5 exf5 38. Ne8+ Rxe8 39. Qxe8 Re7 40. Rxe7 Qxe7 41. Qxe7
Bxe7 42. Be3 Bc2 43. Bd4+ Kf8 44. Kg1 Ke8 45. Kf2 Be4 46. Re3
Kd7 47. g3 Kc6 48. c4 dxc4 49. Re1 Kd5 50. Rd1 Bd3 51. Re1
Bxa3 52. bxa3 Kxd4 53. Re7 Kc3 54. Ke1 Bc2 55. Rxf7 Kb2
56. Rb7+ Bb3 0-1

[Event "Gibraltar"]
[Site "Gibraltar ENG"]
[Date "2008.01.23"]
[EventDate "2008.01.22"]
[Round "2"]
[Result "0-1"]
[White "Gawain Jones"]
[Black "Till Wippermann"]
[WhiteElo "2562"]
[BlackElo "2435"]
[PlyCount "122"]

1. e4 c5 2. Nc3 g6 3. f4 Bg7 4. Nf3 Nc6 5. Bb5 Nd4 6. O-O a6
7. Bd3 d6 8. Nxd4 cxd4 9. Ne2 Nf6 10. Kh1 e5 11. c3 O-O
12. cxd4 exd4 13. Nxd4 Re8 14. Qf3 Qb6 15. Nc2 Bd7 16. Ne3 Qd4
17. Bc4 Qxe4 18. Qxe4 Rxe4 19. d3 Re7 20. Bd2 Bc6 21. Rae1
Rae8 22. Nd1 Nd5 23. Rxe7 Rxe7 24. Bxd5 Bxd5 25. b3 Bd4
26. Nc3 Bc6 27. Re1 Rxe1+ 28. Bxe1 Be3 29. Bg3 f5 30. Nd1 Bc1
31. Kg1 Bb5 32. d4 Be2 33. Nc3 Bd3 34. Kf2 Kf7 35. Ke1 Be3
36. d5 b5 37. Nd1 Bc1 38. Nf2 Bb1 39. Kd1 Ba3 40. Kd2 Bxa2
41. Kc2 a5 42. Nd3 a4 43. Nc1 Bxc1 44. Kxc1 Bxb3 45. Be1 Bxd5
46. g3 a3 47. Bb4 a2 48. Bc3 Ke6 49. Kd2 Be4 50. Ke3 Kd5
51. Ba1 Kc4 52. Kd2 h5 53. h4 d5 54. Ke3 b4 55. Be5 b3 56. Bb2
d4+ 57. Ke2 Bc2 58. Ba1 Kd5 59. Kf3 Bd1+ 60. Kf2 Ke4 61. Ke1
Bc2 0-1

[Event "Gibraltar"]
[Site "Gibraltar ENG"]
[Date "2008.01.24"]
[EventDate "2008.01.22"]
[Round "3"]
[Result "1-0"]
[White "Oleg Kozlov"]
[Black "Gawain Jones"]
[WhiteElo "2144"]
[BlackElo "2562"]
[PlyCount "101"]

1. Nf3 Nf6 2. g3 g6 3. Bg2 Bg7 4. d4 d6 5. c4 O-O 6. Nc3 Nbd7
7. d5 Ng4 8. O-O Nge5 9. Nxe5 Nxe5 10. Qb3 c5 11. f4 Ng4
12. h3 Bd4+ 13. Kh1 Ne3 14. Bxe3 Bxe3 15. Nb5 Bd2 16. Qd3 Ba5
17. a4 Bd7 18. b3 a6 19. Na3 Bb4 20. Nc2 Qa5 21. Rf3 f5
22. Kh2 Rfe8 23. g4 Kh8 24. gxf5 gxf5 25. Nxb4 Qxb4 26. Re3
Kg7 27. Bf3 Kf6 28. Qc2 Rg8 29. Qb2+ Kf7 30. Bh5+ Rg6
31. Bxg6+ hxg6 32. a5 Rg8 33. h4 b5 34. axb6 Qxb6 35. Rg1 Qd8
36. Rg5 Qa5 37. h5 Qe1 38. hxg6+ Ke8 39. Kg2 e5 40. Rh3 exf4
41. Rh8 f3+ 42. exf3 Rxh8 43. Qxh8+ Ke7 44. Qg7+ Kd8 45. Qb2
Qh4 46. Qf6+ Kc7 47. g7 Qf4 48. g8=Q Qd2+ 49. Kg1 Qe3+ 50. Kh2
Qf2+ 51. Rg2 1-0

[Event "Gibraltar"]
[Site "Gibraltar ENG"]
[Date "2008.01.25"]
[EventDate "2008.01.22"]
[Round "4"]
[Result "1-0"]
[White "Gawain Jones"]
[Black "Anders Gjerdrum Hagen"]
[WhiteElo "2562"]
[BlackElo "2049"]
[PlyCount "49"]

1. Nf3 Nf6 2. c4 e6 3. Nc3 d5 4. e3 c5 5. d4 Nc6 6. cxd5 exd5
7. Be2 cxd4 8. Nxd4 Bd6 9. O-O Qc7 10. g3 a6 11. Bf3 Be6
12. Nxc6 bxc6 13. e4 dxe4 14. Nxe4 Nxe4 15. Bxe4 O-O 16. Qa4
Bd5 17. Bxd5 cxd5 18. Rd1 Rad8 19. Qxa6 f5 20. Bg5 Ra8 21. Qd3
Ra5 22. Bd2 Raa8 23. Qxd5+ Kh8 24. Bc3 Rad8 25. Ba5 1-0

[Event "Gibraltar"]
[Site "Gibraltar ENG"]
[Date "2008.01.26"]
[EventDate "2008.01.22"]
[Round "5"]
[Result "0-1"]
[White "Pedro Navarro Torres"]
[Black "Gawain Jones"]
[WhiteElo "2210"]
[BlackElo "2562"]
[PlyCount "124"]

1. e4 c5 2. Nc3 Nc6 3. Bb5 Nd4 4. Bc4 e6 5. Nge2 Nf6 6. O-O a6
7. d3 b5 8. Bb3 Nxb3 9. axb3 Bb7 10. f4 d5 11. e5 d4 12. exf6
dxc3 13. bxc3 Qxf6 14. Qe1 Qg6 15. Qg3 Bd6 16. Qxg6 hxg6
17. h3 O-O 18. c4 f5 19. Be3 Rfe8 20. Nc3 Be7 21. Rae1 Bf6
22. Nb1 Rac8 23. Nd2 e5 24. fxe5 Bxe5 25. Bf2 Kf7 26. Nf3 Bxf3
27. gxf3 b4 28. Kg2 a5 29. Re2 Bc3 30. Rxe8 Kxe8 31. Rd1 g5
32. f4 gxf4 33. h4 Kf7 34. Kf3 Be5 35. Re1 Kf6 36. h5 Bd6
37. Bh4+ Kf7 38. Bg5 Rh8 39. h6 gxh6 40. Bxf4 Bxf4 41. Kxf4 h5
42. Re5 h4 43. Rxf5+ Ke6 44. Rxc5 h3 45. Re5+ Kd6 46. Re1 Kc5
47. Rh1 Kd4 48. Kg3 Ke3 49. Rxh3 Rg8+ 50. Kh2+ Kd2 51. Rg3
Rh8+ 52. Kg2 Kxc2 53. d4 a4 54. bxa4 b3 55. Kf3 b2 56. Rg1 Rg8
57. Rh1 Rh8 58. Rg1 Kd3 59. Rb1 Rf8+ 60. Kg4 Kc2 61. Rh1 b1=Q
62. Rxb1 Kxb1 0-1

[Event "Gibraltar"]
[Site "Gibraltar ENG"]
[Date "2008.01.29"]
[EventDate "2008.01.22"]
[Round "8"]
[Result "1/2-1/2"]
[White "Gawain Jones"]
[Black "Gerard Welling"]
[WhiteElo "2562"]
[BlackElo "2371"]
[PlyCount "90"]

1. e4 d5 2. exd5 Nf6 3. Nf3 Nxd5 4. d4 g6 5. c4 Nb6 6. Nc3 Bg7
7. c5 Nd5 8. Bc4 c6 9. Qb3 O-O 10. O-O Nxc3 11. bxc3 b5
12. cxb6 axb6 13. Re1 Ba6 14. Bxa6 Rxa6 15. Bg5 Ra7 16. a4 Bf6
17. Bh6 Bg7 18. Bxg7 Kxg7 19. Ne5 Qc7 20. c4 Ra6 21. d5 cxd5
22. cxd5 Ra5 23. Rad1 Rc5 24. h4 h5 25. Nd3 Ra5 26. Ne5 Rc5
27. Re4 Nd7 28. Nd3 Ra5 29. Rxe7 Qd6 30. Rde1 Nf6 31. Rb7 Rxd5
32. Nb4 Rd4 33. Nc2 Rxh4 34. Ne3 Re4 35. Rxb6 Qe5 36. f3 Rf4
37. Rb7 h4 38. Rb4 h3 39. Qb2 Qxb2 40. Rxb2 hxg2 41. Ra2 Rxf3
42. a5 Re8 43. a6 Rfxe3 44. Rxe3 Rxe3 45. a7 Re8 1/2-1/2

[Event "Gibraltar"]
[Site "Gibraltar"]
[Date "2008.01.30"]
[EventDate "2008.01.22"]
[Round "9.18"]
[Result "1/2-1/2"]
[White "Edwin van Haastert"]
[Black "Gawain Jones"]
[WhiteElo "2416"]
[BlackElo "2562"]
[PlyCount "62"]

1. e4 e5 2. Nf3 Nc6 3. Bb5 a6 4. Ba4 Nf6 5. O-O Be7 6. Re1 b5
7. Bb3 d6 8. c3 O-O 9. a4 Rb8 10. axb5 axb5 11. h3 Bb7 12. d4
Ra8 13. Rxa8 Qxa8 14. Nbd2 h6 15. Qe2 b4 16. d5 bxc3 17. bxc3
Na5 18. Bc2 Ba6 19. Bd3 Bxd3 20. Qxd3 c6 21. dxc6 Nh5 22. g3
Qxc6 23. Ba3 Qc7 24. Nf1 Nc4 25. Bb4 Nf6 26. Nh4 g6 27. Ng2
Nd7 28. Nge3 Ndb6 29. Nxc4 Nxc4 30. Ne3 Nxe3 31. Qxe3 Kg7
1/2-1/2

[Event "European Individual Championship"]
[Site "Plovdiv BUL"]
[Date "2008.04.21"]
[EventDate "2008.04.21"]
[Round "1"]
[Result "1-0"]
[White "Gawain Jones"]
[Black "Alexander Monev"]
[WhiteElo "2522"]
[BlackElo "2038"]
[PlyCount "79"]

1. e4 c5 2. Nc3 Nc6 3. f4 e6 4. Nf3 a6 5. d3 d5 6. g3 Nf6
7. Bg2 dxe4 8. Nxe4 Nxe4 9. dxe4 Qxd1+ 10. Kxd1 b5 11. Be3 Bb7
12. c3 Na5 13. Nd2 f5 14. Re1 O-O-O 15. Kc2 Be7 16. Re2 Rd7
17. exf5 Bxg2 18. f6 gxf6 19. Rxg2 Rhd8 20. Re2 Rd3 21. Nb3
Nc4 22. Bd4 R3xd4 23. cxd4 cxd4 24. Rxe6 d3+ 25. Kc3 Bf8
26. Rd1 d2 27. Rc6+ Kb7 28. Rxc4 bxc4 29. Rxd2 Rxd2 30. Nxd2
Bc5 31. Kxc4 Kc6 32. Ne4 Bg1 33. Nxf6 Bxh2 34. Ne4 Kd7 35. Kd5
Ke7 36. f5 h5 37. b4 Bg1 38. Kc6 Bd4 39. Kb7 h4 40. gxh4 1-0

[Event "European Individual Championship"]
[Site "Plovdiv BUL"]
[Date "2008.04.22"]
[EventDate "2008.04.21"]
[Round "2"]
[Result "1/2-1/2"]
[White "Gawain Jones"]
[Black "Tomi Nyback"]
[WhiteElo "2522"]
[BlackElo "2587"]
[PlyCount "79"]

1. e4 e5 2. Nf3 Nc6 3. Bb5 a6 4. Ba4 Nf6 5. O-O Be7 6. Re1 b5
7. Bb3 O-O 8. a4 b4 9. d4 d6 10. dxe5 dxe5 11. Qxd8 Rxd8
12. Bg5 Kf8 13. Bxf6 gxf6 14. Bd5 Bb7 15. Nbd2 Na5 16. Bxb7
Nxb7 17. Nc4 Nd6 18. Na5 Rd7 19. Rad1 Ke8 20. Nd2 Nc8 21. Ndc4
Nb6 22. Rxd7 Kxd7 23. Rd1+ Ke6 24. b3 Nxc4 25. bxc4 f5
26. exf5+ Kxf5 27. Rd7 Ke6 28. Rxc7 Bd8 29. Rc5 Bxa5 30. Rxa5
Kf5 31. Kf1 Rc8 32. Rxa6 Rxc4 33. Rb6 f6 34. g3 h5 35. Ke1
Rxc2 36. Rxb4 Ra2 37. Kf1 Ra1+ 38. Kg2 Ra2 39. h3 Ra3 40. Kf1
1/2-1/2

[Event "European Individual Championship"]
[Site "Plovdiv BUL"]
[Date "2008.04.23"]
[EventDate "2008.04.21"]
[Round "3"]
[Result "1-0"]
[White "Bartlomiej Macieja"]
[Black "Gawain Jones"]
[WhiteElo "2599"]
[BlackElo "2522"]
[PlyCount "99"]

1. e4 e5 2. Nf3 Nc6 3. Bb5 a6 4. Ba4 Nf6 5. O-O Be7 6. Bxc6
dxc6 7. d3 Nd7 8. Nbd2 O-O 9. Nc4 f6 10. Re1 Nc5 11. d4 exd4
12. Nxd4 Re8 13. f3 g6 14. Be3 Ne6 15. Ne2 Qxd1 16. Raxd1 b6
17. Nd2 a5 18. Nb3 Bb7 19. Nf4 Bd6 20. Nxe6 Rxe6 21. Bf2 Rae8
22. Bg3 f5 23. exf5 Rxe1+ 24. Rxe1 Rxe1+ 25. Bxe1 gxf5 26. Nd4
Bc5 27. Bf2 Bxd4 28. Bxd4 Kf7 29. Be5 a4 30. Bxc7 b5 31. b3
axb3 32. cxb3 Ke6 33. Kf2 c5 34. Bb6 c4 35. bxc4 bxc4 36. Ba5
Bc6 37. Ke3 Kd5 38. Bc3 Be8 39. Kf4 Ke6 40. Kg5 Bg6 41. a4 Kd6
42. a5 Kc5 43. h4 Kd6 44. h5 Be8 45. Kxf5 Bxh5 46. Kf6 Bg6
47. g3 Bd3 48. f4 Be4 49. f5 Bc2 50. a6 1-0

[Event "European Individual Championship"]
[Site "Plovdiv BUL"]
[Date "2008.04.24"]
[EventDate "2008.04.21"]
[Round "4"]
[Result "1/2-1/2"]
[White "Borki Predojevic"]
[Black "Gawain Jones"]
[WhiteElo "2651"]
[BlackElo "2522"]
[PlyCount "71"]

1. e4 e5 2. Nf3 Nc6 3. Bc4 Bc5 4. c3 Nf6 5. d3 a6 6. Bb3 Ba7
7. O-O d6 8. Re1 O-O 9. h3 Be6 10. Bc2 d5 11. exd5 Qxd5
12. Bg5 Nd7 13. Nbd2 Rfe8 14. Ne4 Nc5 15. Ng3 h6 16. Be3 Nd7
17. Bxa7 Rxa7 18. d4 exd4 19. cxd4 Nf6 20. Bb3 Qa5 21. Bxe6
Rxe6 22. Rxe6 fxe6 23. a3 Qd5 24. Rc1 Ra8 25. Ne2 Rd8 26. Qc2
Qe4 27. Qc4 Qd5 28. Qc2 Qe4 29. Qc4 Qd5 30. Qc3 Qd6 31. Qb3
Na5 32. Qc2 Nc6 33. Qb3 Na5 34. Qc2 Nc6 35. Nc3 Qf4 36. Ne2
1/2-1/2

[Event "European Individual Championship"]
[Site "Plovdiv BUL"]
[Date "2008.04.25"]
[EventDate "2008.04.21"]
[Round "5"]
[Result "1-0"]
[White "Gawain Jones"]
[Black "Oleg Orlov"]
[WhiteElo "2522"]
[BlackElo "2285"]
[PlyCount "61"]

1. e4 c5 2. Nc3 a6 3. f4 b5 4. g3 Bb7 5. Bg2 e6 6. d3 Nf6
7. Nf3 d5 8. e5 d4 9. exf6 dxc3 10. O-O cxb2 11. Bxb2 gxf6
12. f5 e5 13. Nxe5 Bxg2 14. Ng4 Be7 15. Re1 Kf8 16. Qd2 h5
17. Qxg2 Nd7 18. Rxe7 Kxe7 19. Re1+ Kf8 20. Nxf6 Nxf6 21. Bxf6
Qxf6 22. Qxa8+ Kg7 23. Qf3 Qd4+ 24. Kg2 a5 25. Re4 Qb2 26. Kh3
Rh6 27. Qe3 Qxa2 28. Qg5+ Kh7 29. Re8 f6 30. Re7+ Kh8 31. Qg7+
1-0

[Event "European Individual Championship"]
[Site "Plovdiv BUL"]
[Date "2008.04.27"]
[EventDate "2008.04.21"]
[Round "7"]
[Result "1/2-1/2"]
[White "Gawain Jones"]
[Black "Vitali Golod"]
[WhiteElo "2522"]
[BlackElo "2606"]
[PlyCount "43"]

1. e4 c5 2. Nc3 Nc6 3. f4 e6 4. Nf3 Nge7 5. d4 cxd4 6. Nxd4
Nxd4 7. Qxd4 Nc6 8. Qf2 d5 9. Be3 Bb4 10. O-O-O Bxc3 11. bxc3
O-O 12. Bc5 Re8 13. e5 Qa5 14. Bd3 b6 15. Bd6 Ba6 16. Qh4 Bxd3
17. Rxd3 Qxa2 18. Rh3 h6 19. Rg3 Qa1+ 20. Kd2 Qxh1 21. Qxh6 g6
22. Rxg6+ 1/2-1/2

[Event "European Individual Championship"]
[Site "Plovdiv BUL"]
[Date "2008.04.30"]
[EventDate "2008.04.21"]
[Round "9"]
[Result "1/2-1/2"]
[White "Gawain Jones"]
[Black "Suat Atalik"]
[WhiteElo "2522"]
[BlackElo "2592"]
[PlyCount "118"]

1. e4 e5 2. Nf3 Nc6 3. Bb5 a6 4. Bxc6 dxc6 5. O-O Bg4 6. h3
Bxf3 7. Qxf3 Qd7 8. Qg3 f6 9. d3 g6 10. Nd2 Nh6 11. Nc4 Nf7
12. f4 b5 13. Ne3 Bg7 14. Nf5 Bf8 15. Ne3 Bg7 16. Ng4 Qe7
17. Kh1 exf4 18. Bxf4 Rc8 19. e5 fxe5 20. Bxe5 Nxe5 21. Rae1
Rf8 22. Rf4 Rxf4 23. Qxf4 Qf7 24. Nxe5 Qxf4 25. Nxg6+ Kd7
26. Nxf4 Bxb2 27. g3 Rf8 28. Kg2 Bc3 29. Ne6 Rf5 30. g4 Rd5
31. Nf8+ Kc8 32. Re8+ Kb7 33. Nxh7 b4 34. Nf8 Ra5 35. Nd7 Rxa2
36. g5 Rxc2+ 37. Kf3 a5 38. g6 Bd4 39. h4 Rh2 40. Ne5 Rf2+
41. Ke4 Bxe5 42. Rxe5 Re2+ 43. Kf4 Rxe5 44. Kxe5 b3 45. g7 b2
46. g8=Q b1=Q 47. Qc4 Qd1 48. Kf6 Qh5 49. Ke6 Qg6+ 50. Ke5 Kc8
51. Kd4 Qg1+ 52. Kc3 Qc1+ 53. Kb3 Qb1+ 54. Ka3 Qa1+ 55. Kb3
a4+ 56. Qxa4 Qd1+ 57. Kb4 Qxd3 58. Qxc6 Qd4+ 59. Qc4 Qxc4+
1/2-1/2

[Event "British Championship"]
[Site "Liverpool ENG"]
[Date "2008.07.29"]
[EventDate "2008.07.28"]
[Round "2"]
[Result "1/2-1/2"]
[White "Gawain Jones"]
[Black "Andrew Greet"]
[WhiteElo "2549"]
[BlackElo "2453"]
[PlyCount "112"]

1. e4 c5 2. Nf3 g6 3. d4 cxd4 4. Nxd4 Nc6 5. Nc3 Bg7 6. Be3
Nf6 7. Bc4 Qa5 8. O-O O-O 9. Nb3 Qc7 10. Bg5 a6 11. Be2 Re8
12. f4 d6 13. Bxf6 exf6 14. f5 b5 15. Kh1 Bb7 16. a4 b4
17. Nd5 Qd8 18. Qd3 Rc8 19. Nd2 Ne5 20. Qb3 a5 21. Bb5 Bxd5
22. Qxd5 Re7 23. Nc4 Nxc4 24. Bxc4 Rc5 25. Qd3 Rec7 26. Bb3
Qe7 27. Rad1 Bf8 28. fxg6 hxg6 29. e5 Rxe5 30. Qxg6+ Bg7
31. Qd3 Rc6 32. Qf3 Rc8 33. Rd4 Re1 34. Rg4 Rxf1+ 35. Qxf1 Rc5
36. h3 f5 37. Rg3 Kf8 38. Rf3 Bxb2 39. Qa6 Kg7 40. Bc4 Qe1+
41. Bf1 Be5 42. Qd3 Qe4 43. Rxf5 Qxd3 44. Bxd3 Rc3 45. Rf3 Ra3
46. Bb5 d5 47. Kg1 Ra1+ 48. Rf1 Ra2 49. Bc6 f6 50. Bxd5 Rxa4
51. g4 Ra3 52. Rf3 Rxf3 53. Bxf3 Kf7 54. Bd5+ Ke7 55. Bb3 Kd6
56. Kf2 Bc3 1/2-1/2

[Event "British Championship"]
[Site "Liverpool ENG"]
[Date "2008.07.30"]
[EventDate "2008.07.28"]
[Round "3"]
[Result "0-1"]
[White "Andrew Ledger"]
[Black "Gawain Jones"]
[WhiteElo "2423"]
[BlackElo "2549"]
[PlyCount "98"]

1. d4 Nf6 2. Nf3 g6 3. Bg5 Bg7 4. Nbd2 d6 5. e4 O-O 6. c3 c5
7. dxc5 dxc5 8. Bc4 Nc6 9. Qe2 Qc7 10. O-O h6 11. Bxf6 Bxf6
12. Qe3 g5 13. Qxc5 b6 14. Qe3 g4 15. Ne1 Ne5 16. Bd5 Ba6
17. Bxa8 Bg5 18. Qd4 Rxa8 19. f4 gxf3 20. Nexf3 Ng4 21. Qa4
Qc5+ 22. Nd4 Be3+ 23. Kh1 Bxf1 24. Nxf1 b5 25. Nxb5 Nf2+
26. Kg1 e5 27. b4 Nxe4+ 28. Kh1 Nf2+ 29. Kg1 Ng4+ 30. Kh1 Qc6
31. Qc2 Bb6 32. c4 Nf2+ 33. Kg1 Nd3+ 34. Kh1 e4 35. Ng3 a6
36. Na3 Bf2 37. Rf1 Bxg3 38. hxg3 Qg6 39. Qe2 Re8 40. Nc2 Qxg3
41. Ne3 Re5 42. a3 Kf8 43. Rf5 Rxf5 44. Nxf5 Qg5 45. Qf1 Ne5
46. Nd6 e3 47. Kg1 Qh5 48. c5 e2 49. Qa1 Qh4 0-1

[Event "British Championship"]
[Site "Liverpool ENG"]
[Date "2008.07.31"]
[EventDate "2008.07.28"]
[Round "4"]
[Result "1/2-1/2"]
[White "Gawain Jones"]
[Black "Stephen Gordon"]
[WhiteElo "2549"]
[BlackElo "2508"]
[PlyCount "67"]

1. e4 c5 2. Nf3 Nc6 3. d4 cxd4 4. Nxd4 Nf6 5. Nc3 e5 6. Ndb5
d6 7. Nd5 Nxd5 8. exd5 Nb8 9. c4 Be7 10. Bd3 O-O 11. O-O Nd7
12. Qc2 g6 13. Bh6 Re8 14. b4 a6 15. Nc3 b6 16. Be3 f5 17. f3
Bg5 18. Bf2 Bf6 19. Rab1 Kg7 20. Kh1 Qe7 21. Na4 Rb8 22. c5 b5
23. Nb2 Qf7 24. Rbd1 Be7 25. Be2 Nf6 26. Qb3 g5 27. c6 f4
28. a4 h5 29. Ba7 Ra8 30. Bb6 bxa4 31. Nxa4 g4 32. Bg1 Bd8
33. Bb6 Rb8 34. Bxd8 1/2-1/2